=LDR 00000nam 2200000 4500 =001 INLIS000000000023732 =005 20240619082759 =035 ##$$a 0010-061300000023732 =008 240619################g##########0#ind## =041 ##$$a Ind =082 ##$$a 657.45 =090 ##$$a 657.45, Mul a =100 ##$$a Mulyadi =245 1#$$a Auditing /$c Mulyadi =250 ##$$a Buku 2 Ed.6 =260 ##$$a Jakarta :$b Salemba,$c 2002 =300 ##$$a 450 hlm, ; $c 26 cm =650 #4$$a Auditing =850 ##$$a NBPNMAT =084 ##$$a 657.45 MUL a =990 ##$$a 5600/PN/2014 =990 ##$$a 90636/BPAP-NTB/2014 =990 ##$$a 91039/BPAP-NTB/2014 =990 ##$$a 92574/BPAP-NTB/2014 =990 ##$$a 93277/BPAP-NTB/2014 =990 ##$$a 93850/BPAP-NTB/2014 =990 ##$$a 21400261/BPAP-NTB/2014 =990 ##$$a 0001/BPAP-NTB/2015 =990 ##$$a 40601063 =990 ##$$a 40601064 =990 ##$$a 5600/PN/2014 =990 ##$$a 90636/BPAP-NTB/2014 =990 ##$$a 91039/BPAP-NTB/2014 =990 ##$$a 92574/BPAP-NTB/2014 =990 ##$$a 93277/BPAP-NTB/2014 =990 ##$$a 21400261/BPAP-NTB/2014 =990 ##$$a 0001/BPAP-NTB/2015 =990 ##$$a 40601063